| Tag |
First Indicator |
Second Indicator |
Subfields |
| LEADER |
00000cem a2200000I 4500 |
| 001 |
in00002139395 |
| 005 |
20151103160622.0 |
| 008 |
870714q19001987lau a 0 fre d |
| 035 |
|
|
|a (OCoLC)ocm16166829
|
| 040 |
|
|
|a LWA
|c LWA
|d OCL
|d OCLCQ
|d TXA
|d UtOrBLW
|
| 043 |
|
|
|a n-us-la
|
| 049 |
|
|
|a TXAM
|
| 052 |
|
|
|a 4014
|b N5
|
| 090 |
|
|
|a G4014.N5 1731
|b .G6
|
| 100 |
1 |
|
|a Gonichon.
|
| 245 |
1 |
0 |
|a Plan de la Nouvelle Orleans, 1721.
|
| 255 |
|
|
|a Scale not given.
|
| 264 |
|
1 |
|a [New Orleans?],
|b [publisher not identified] ;
|c [19?]
|
| 300 |
|
|
|a color map. ;
|c 28 x 40 cm.
|
| 336 |
|
|
|a cartographic image
|b cri
|2 rdacontent
|
| 337 |
|
|
|a unmediated
|b n
|2 rdamedia
|
| 338 |
|
|
|a sheet
|b nb
|2 rdacarrier
|
| 500 |
|
|
|a Distributed by Louisiana State Museum, Friends of the Cabildo.
|
| 500 |
|
|
|a Cartographic material.
|
| 651 |
|
0 |
|a New Orleans (La.)
|v Maps.
|
| 710 |
2 |
|
|a Friends of the Cabildo.
|
| 710 |
2 |
|
|a Louisiana State Museum.
|
| 948 |
|
|
|a cataloged
|b h
|c 2006/5/28
|d c
|e jgreene
|f 4:33:01 pm
|
| 994 |
|
|
|a C0
|b TXA
|
| 999 |
|
|
|a MARS
|
| 999 |
f |
f |
|s a1f6839f-aa9b-385b-8643-95ae67fa4744
|i a825e1c7-75c7-3c10-bed3-c28f7f793d45
|t 0
|
| 952 |
f |
f |
|p normal
|a Texas A&M University
|b College Station
|c Sterling C. Evans Library
|d Evans: Maps (2nd floor)
|t 0
|e G4014.N5 1731 .G6
|h Library of Congress classification
|i unmediated -- sheet
|m A14834445530
|
| 998 |
f |
f |
|a G4014.N5 1731 .G6
|t 0
|l Evans: Maps (2nd floor)
|